[Event "BL 9293 Porz-Dresden"]
[Site "?"]
[Date "1993.??.??"]
[Round "?.6"]
[White "Vogt, L."]
[Black "Heinatz, T."]
[Result "1-0"]
[WhiteElo "2520"]
[BlackElo "2365"]
[PlyCount "89"]
[EventDate "1993.??.??"]

1. e4 c5 2. c3 d6 3. d4 Nf6 4. dxc5 Nc6 5. Nd2 d5 6. exd5 Qxd5 7. Ngf3 Bg4 8.
Qb3 e6 9. Qxd5 Nxd5 10. Nb3 Bxf3 11. gxf3 O-O-O 12. Be2 Ne5 13. Bg5 Rd7 14.
O-O-O h6 15. Bd2 g5 16. h4 gxh4 17. Rxh4 Ng6 18. Ra4 Kb8 19. Be3 Rc7 20. Bd4
Rg8 21. Rg1 Bg7 22. Bxg7 Rxg7 23. Rd4 f5 24. Bc4 Ngf4 25. Re1 Rg6 26. Bxd5 Nxd5
27. Rh4 a6 28. Nd4 Rxc5 29. Rxe6 Rg1+ 30. Kd2 Rb1 31. Kc2 Rf1 32. Re2 Nb4+ 33.
Kb3 Nd3 34. Rd2 Nxf2 35. Kc2 Rh1 36. Rxh1 Nxh1 37. Rh2 Ng3 38. Rxh6 Re5 39. Re6
Ra5 40. a3 Rd5 41. Rg6 Nf1 42. Kd3 Re5 43. Re6 Rxe6 44. Nxe6 Kc8 45. Nd4 1-0

[Event "BL 9293 Porz-Dresden"]
[Site "?"]
[Date "1993.??.??"]
[Round "?.7"]
[White "Andresen, S."]
[Black "Mainka, R."]
[Result "0-1"]
[WhiteElo "2350"]
[BlackElo "2515"]
[PlyCount "78"]
[EventDate "1993.??.??"]

1. d4 Nf6 2. c4 c5 3. d5 b5 4. cxb5 a6 5. bxa6 g6 6. Nc3 Bxa6 7. Nf3 Bg7 8. g3
d6 9. Bg2 Nbd7 10. O-O Nb6 11. Nd2 O-O 12. Qc2 Qc7 13. Re1 Rab8 14. e4 Ng4 15.
Nf3 Nd7 16. Bf1 Bxf1 17. Rxf1 Nge5 18. Nxe5 Nxe5 19. f4 Nc4 20. Qe2 Na5 21. e5
Qb6 22. Ne4 Qb4 23. Kh1 Nc4 24. b3 Nb6 25. Bb2 Nxd5 26. Rad1 Qb7 27. Qf3 Nb4
28. Rd2 Nc6 29. exd6 Bxb2 30. Rxb2 c4 31. dxe7 Qxe7 32. Rd2 Rfd8 33. bxc4 Rxd2
34. Nxd2 Rb2 35. Nb3 Rxa2 36. Nc1 Nd4 37. Qd3 Qb7+ 38. Rf3 Ra1 39. Kg2 Qxf3+
0-1

[Event "BL 9293 Koblenz-Erfurt"]
[Site "?"]
[Date "1993.??.??"]
[Round "?.1"]
[White "Kuczynski, R."]
[Black "Rozentalis, E."]
[Result "1/2-1/2"]
[WhiteElo "2525"]
[BlackElo "2595"]
[PlyCount "58"]
[EventDate "1993.??.??"]

1. e4 e6 2. d4 d5 3. Nc3 Bb4 4. e5 c5 5. a3 Bxc3+ 6. bxc3 Ne7 7. h4 Nbc6 8. h5
h6 9. Nf3 Bd7 10. Bd3 Qa5 11. Bd2 c4 12. Be2 f6 13. exf6 gxf6 14. Nh4 O-O-O 15.
Bg4 Qc7 16. O-O e5 17. dxe5 fxe5 18. f4 e4 19. f5 Ne5 20. Be3 Rhg8 21. Ng6
N7xg6 22. hxg6 Qd6 23. Kh1 Rxg6 24. fxg6 Nxg4 25. Bf4 Qxg6 26. Qxd5 Bc6 27. Qa5
b6 28. Qa6+ Bb7 29. Qxc4+ Bc6 1/2-1/2

[Event "BL 9293 Koblenz-Erfurt"]
[Site "?"]
[Date "1993.??.??"]
[Round "?.2"]
[White "Dizdar, G."]
[Black "Casper, T."]
[Result "1/2-1/2"]
[WhiteElo "2490"]
[BlackElo "2425"]
[PlyCount "95"]
[EventDate "1993.??.??"]

1. d4 Nf6 2. Nf3 d6 3. c4 Nbd7 4. Nc3 e5 5. g3 g6 6. Bg2 Bg7 7. O-O O-O 8. e4
c6 9. h3 Re8 10. Qc2 Qe7 11. Be3 exd4 12. Nxd4 Nc5 13. Rfe1 Bd7 14. Nb3 Be6 15.
Nxc5 dxc5 16. b3 Nd7 17. Rad1 f6 18. f4 Rad8 19. Rd3 Nb8 20. Red1 Na6 21. Qf2
b6 22. R3d2 Nc7 23. f5 Rxd2 24. Bxd2 Bf7 25. Bf4 Rd8 26. Rxd8+ Qxd8 27. Qd2
Qxd2 28. Bxd2 Kf8 29. Bf4 Na6 30. a3 Ke7 31. g4 Kd7 32. Kf2 Kc8 33. Nb1 Nb8 34.
Nd2 Nd7 35. h4 Bf8 36. Bf1 Be7 37. g5 Bd8 38. Bh3 Bc7 39. Bxc7 Kxc7 40. fxg6
Bxg6 41. Ke3 fxg5 42. hxg5 Ne5 43. Bf1 Bh5 44. Kf4 Kd6 45. Kf5 Bg6+ 46. Kf4 Bh5
47. Kf5 Bg6+ 48. Kf4 1/2-1/2

[Event "BL 9293 Koblenz-Erfurt"]
[Site "?"]
[Date "1993.??.??"]
[Round "?.3"]
[White "Jasnikowski, Z."]
[Black "Seul, G."]
[Result "1/2-1/2"]
[WhiteElo "2460"]
[BlackElo "2415"]
[PlyCount "84"]
[EventDate "1993.??.??"]

1. d4 Nf6 2. c4 e6 3. Nf3 Bb4+ 4. Bd2 Bxd2+ 5. Qxd2 d5 6. e3 O-O 7. Nc3 Qe7 8.
Qc2 Rd8 9. Rc1 Nbd7 10. a3 c5 11. cxd5 exd5 12. dxc5 Nxc5 13. Be2 Bg4 14. O-O
Ne6 15. Nb5 g6 16. Rfd1 a6 17. Nbd4 Nxd4 18. Nxd4 Rac8 19. Qd2 Bxe2 20. Qxe2
Rc7 21. Qf3 Rdc8 22. Rxc7 Rxc7 23. Qf4 Rc4 24. h3 Ne4 25. Kf1 Kg7 26. Kg1 h6
27. f3 Nf6 28. Kf2 Rc8 29. Qg3 Kh7 30. Qf4 Kg7 31. Kg1 Nh5 32. Qg4 Qxe3+ 33.
Kh1 Qe8 34. Nf5+ Kh7 35. Nd6 Qe2 36. Qxc8 Qxd1+ 37. Kh2 Qd2 38. Qd7 Qf4+ 39.
Kg1 Qd4+ 40. Kh1 Ng3+ 41. Kh2 Nf1+ 42. Kh1 Ng3+ 1/2-1/2

[Event "BL 9293 Koblenz-Erfurt"]
[Site "?"]
[Date "1993.??.??"]
[Round "?.4"]
[White "Doncevic, D."]
[Black "Mueller, Mat"]
[Result "1/2-1/2"]
[WhiteElo "2370"]
[BlackElo "2395"]
[PlyCount "152"]
[EventDate "1993.??.??"]

1. e4 e5 2. Nf3 Nf6 3. d4 Nxe4 4. Bd3 d5 5. Nxe5 Nd7 6. Nxd7 Bxd7 7. O-O Qh4 8.
c4 O-O-O 9. c5 g5 10. Be3 Rg8 11. Nd2 f5 12. Nf3 Qh5 13. Ne5 Qxd1 14. Raxd1 f4
15. Bc1 Bg7 16. f3 Bxe5 17. dxe5 Nxc5 18. Bxh7 Rg7 19. Rxd5 Rxh7 20. Rxc5 Be6
21. a3 Rd4 22. Re1 Rf7 23. Rc2 Rf5 24. Rce2 Kd7 25. Bd2 c5 26. Bc3 Rd3 27. Kf2
b5 28. Rd2 Rxd2+ 29. Bxd2 Bd5 30. Rc1 c4 31. Bc3 Ke6 32. Rh1 Rf7 33. Rd1 Rh7
34. Rh1 Rd7 35. Rd1 Rh7 36. Rh1 Rd7 37. Rd1 Rh7 38. Rh1 Rf7 39. h3 Rd7 40. Ke2
Rh7 41. Kf2 Bc6 42. Rd1 Bd5 43. Rd4 Rf7 44. Kg1 Rf5 45. Rd2 Rf7 46. Kh2 Rh7 47.
Rd4 Rf7 48. Kg1 Rf5 49. Rd2 Rf7 50. Rd1 Rd7 51. Kf2 Rh7 52. Ke2 Rd7 53. Rh1 Rh7
54. Rd1 Rd7 55. Rg1 Bc6 56. Rh1 Rd3 57. Rh2 Rd7 58. Rh1 Rd3 59. Kf2 Rd7 60. Re1
Rf7 61. Rd1 Bd5 62. Kg1 Rh7 63. Kf2 Rf7 64. Rh1 Rh7 65. g3 Rf7 66. Rf1 Rh7 67.
Kg2 Rf7 68. Rd1 Rf5 69. gxf4 gxf4 70. h4 Rf8 71. Kf2 Rh8 72. Rh1 Rh5 73. Rg1
Rxh4 74. Rg6+ Ke7 75. Kg2 Rh7 76. Ra6 Ke8 {(...86.)} 1/2-1/2

[Event "BL 9293 Koblenz-Erfurt"]
[Site "?"]
[Date "1993.??.??"]
[Round "?.5"]
[White "Maiwald, JU."]
[Black "Fritsche, L."]
[Result "1-0"]
[WhiteElo "2400"]
[BlackElo "2390"]
[PlyCount "73"]
[EventDate "1993.??.??"]

1. d4 g6 2. Nf3 Bg7 3. g3 Nf6 4. c4 c5 5. Bg2 cxd4 6. Nxd4 Nc6 7. O-O O-O 8.
Nc3 d6 9. Nxc6 bxc6 10. Bxc6 Rb8 11. Bg2 Qc7 12. b3 d5 13. Bf4 e5 14. Bg5 dxc4
15. Bxf6 Bxf6 16. Nd5 Qd8 17. bxc4 Be7 18. Qa4 Bc5 19. Rad1 Kg7 20. Rd2 Re8 21.
Rfd1 Bd7 22. Qc2 Be6 23. Qc3 Bd4 24. Rxd4 exd4 25. Qxd4+ Kh6 26. h4 Bxd5 27.
Bxd5 Re7 28. e3 a5 29. c5 Rb4 30. Qc3 Rg4 31. c6 Qc7 32. e4 f5 33. exf5 gxf5
34. Qf6+ Rg6 35. Qxf5 Re2 36. Qf8+ Rg7 37. Bf3 1-0

[Event "BL 9293 Koblenz-Erfurt"]
[Site "?"]
[Date "1993.??.??"]
[Round "?.6"]
[White "Wolf, V."]
[Black "Brueggemann, Joa"]
[Result "1-0"]
[WhiteElo "2320"]
[BlackElo "2330"]
[PlyCount "71"]
[EventDate "1993.??.??"]

1. Nf3 d5 2. c4 e6 3. g3 Nf6 4. Bg2 c5 5. O-O Nc6 6. b3 Be7 7. e3 O-O 8. Bb2 b6
9. Qe2 Ba6 10. d3 Qd7 11. e4 Rad8 12. e5 Ne8 13. Nc3 Nc7 14. Rfd1 b5 15. a4 b4
16. Nb5 Bb7 17. d4 Na5 18. Qc2 a6 19. Nd6 Bxd6 20. exd6 Qxd6 21. dxc5 Qxc5 22.
Bd4 Qd6 23. Ng5 f5 24. Qe2 Qe7 25. Bb6 Nxb3 26. Bxc7 Qxc7 27. Nxe6 Qe7 28. Ra2
Rde8 29. cxd5 Rf7 30. Qb2 Na5 31. Qd4 Rc8 32. Re2 Qd6 33. Ng5 Rd7 34. Rde1 Qf8
35. Qb6 Qd8 36. Qe6+ 1-0

[Event "BL 9293 Koblenz-Erfurt"]
[Site "?"]
[Date "1993.??.??"]
[Round "?.7"]
[White "Voekler, B."]
[Black "Weidemann, J."]
[Result "1/2-1/2"]
[WhiteElo "2335"]
[BlackElo "2305"]
[PlyCount "59"]
[EventDate "1993.??.??"]

1. e4 e6 2. d4 d5 3. Nc3 Bb4 4. e5 b6 5. a3 Bf8 6. h4 c5 7. Bg5 Qd7 8. Bb5 Nc6
9. Nf3 a6 10. Bxc6 Qxc6 11. Ne2 a5 12. O-O Ba6 13. Re1 h6 14. Bf4 Ne7 15. Ng3
Ng6 16. Be3 Be7 17. h5 Nf8 18. c3 a4 19. Nd2 Bd3 20. Qg4 g6 21. c4 cxd4 22.
Qxd4 Bxc4 23. Nxc4 Qxc4 24. Qxc4 dxc4 25. Bxb6 Nd7 26. Bd4 O-O 27. Rac1 Rfc8
28. hxg6 fxg6 29. Ne4 Ra5 30. Bc3 1/2-1/2

[Event "BL 9293 Dresden-Koblenz"]
[Site "?"]
[Date "1993.??.??"]
[Round "?.4"]
[White "Kaminski, U."]
[Black "Fritsche, L."]
[Result "1-0"]
[WhiteElo "2400"]
[BlackElo "2390"]
[PlyCount "69"]
[EventDate "1993.??.??"]

1. e4 e5 2. Nf3 d6 3. d4 exd4 4. Nxd4 g6 5. Nc3 Bg7 6. Bc4 Nf6 7. O-O O-O 8.
Bg5 Re8 9. Qd2 c6 10. a4 Qa5 11. Nb3 Qc7 12. Rfe1 Be6 13. Bxe6 Rxe6 14. Nd4 Re8
15. Bh6 Bh8 16. h3 Nbd7 17. Rad1 Qa5 18. Nf5 Nxe4 19. Nxe4 Qxd2 20. Bxd2 gxf5
21. Nxd6 Rxe1+ 22. Rxe1 Bxb2 23. Re7 Nc5 24. Nxf5 Rd8 25. Be3 Nxa4 26. Nh6+ Kg7
27. Rxf7+ Kg6 28. Rxb7 Bc1 29. Ng4 Rd1+ 30. Kh2 Bxe3 31. Nxe3 Rd2 32. Rxa7 Nc3
33. Rc7 Rd6 34. Nc4 Nb5 35. Rxc6 1-0

[Event "BL 9293 Dresden-Koblenz"]
[Site "?"]
[Date "1993.??.??"]
[Round "?.5"]
[White "Schlick, V."]
[Black "Borriss, M."]
[Result "1-0"]
[WhiteElo "2305"]
[BlackElo "2395"]
[PlyCount "79"]
[EventDate "1993.??.??"]

1. e4 c5 2. Nf3 d6 3. d4 cxd4 4. Nxd4 Nf6 5. Nc3 Nc6 6. Bc4 Qb6 7. Nb3 e6 8.
O-O Be7 9. a4 Na5 10. Be3 Qd8 11. Bb5+ Nc6 12. a5 O-O 13. Qe2 Bd7 14. Rfd1 a6
15. Bb6 Qc8 16. Bd3 Nb4 17. h3 Bc6 18. Nd4 Nd7 19. Nxc6 bxc6 20. Na4 Nxd3 21.
cxd3 Qb7 22. Ra3 c5 23. d4 cxd4 24. Bxd4 Rac8 25. Nb6 Rc6 26. Rg3 g6 27. Nxd7
Qxd7 28. Bc3 Qb7 29. h4 Bxh4 30. Rh3 Bg5 31. Qg4 Qe7 32. e5 f5 33. Qa4 Qc7 34.
Bb4 Be7 35. Rhd3 Rd8 36. Qa3 Qb7 37. exd6 Bf6 38. d7 Kf7 39. Bc3 Bxc3 40. bxc3
{Zeit} 1-0

[Event "BL 9293 Dresden-Koblenz"]
[Site "?"]
[Date "1993.??.??"]
[Round "?.6"]
[White "Heinatz, T."]
[Black "Wolf, V."]
[Result "1-0"]
[WhiteElo "2365"]
[BlackElo "2320"]
[PlyCount "123"]
[EventDate "1993.??.??"]

1. e4 Nf6 2. e5 Nd5 3. d4 d6 4. Nf3 Nb6 5. Bd3 g6 6. O-O Bg7 7. exd6 cxd6 8.
Bg5 O-O 9. Nbd2 Nc6 10. c3 Qc7 11. Ne4 f5 12. Qb3+ Kh8 13. Ned2 e5 14. dxe5
dxe5 15. Bb5 a6 16. Bxc6 Qxc6 17. Rfe1 Re8 18. Bf4 e4 19. Nd4 Bxd4 20. cxd4 Be6
21. Qg3 Rac8 22. h4 Nd7 23. Nf1 Bd5 24. Ne3 Qe6 25. a3 Rc6 26. Rad1 Rec8 27. h5
Kg8 28. Qg5 Rf8 29. Rc1 Rfc8 30. Rxc6 bxc6 31. Rc1 Nb6 32. b4 Ba2 33. hxg6 hxg6
34. Rc3 Rf8 35. Bc7 Nd7 36. Rc1 Qf6 37. Qh6 Rf7 38. Bf4 Rh7 39. Qg5 Rf7 40. Qg3
Qe6 41. Bh6 Rh7 42. Qg5 Kf7 43. Qf4 Qf6 44. Qc7 Be6 45. Rxc6 Rxh6 46. d5 Qh8
47. dxe6+ Kg8 48. Kf1 Rh1+ 49. Ke2 Qb2+ 50. Nc2 Qc1 51. Qxd7 Qf1+ 52. Kd2 Qxf2+
53. Kc3 Qg3+ 54. Kc4 Qd3+ 55. Qxd3 exd3 56. Kxd3 Kf8 57. Ke3 Ke7 58. Rxa6 Rc1
59. Nd4 Re1+ 60. Kf2 Re4 61. Nf3 Rg4 62. b5 1-0

[Event "BL 9293 Dresden-Koblenz"]
[Site "?"]
[Date "1993.??.??"]
[Round "?.7"]
[White "Weidemann, J."]
[Black "Andresen, S."]
[Result "0-1"]
[WhiteElo "2305"]
[BlackElo "2350"]
[PlyCount "134"]
[EventDate "1993.??.??"]

1. e4 c5 2. c3 d5 3. exd5 Qxd5 4. d4 Nc6 5. Nf3 Bg4 6. Be2 cxd4 7. cxd4 e6 8.
O-O Nf6 9. Nc3 Qa5 10. h3 Bh5 11. Bf4 Be7 12. a3 O-O 13. g4 Bg6 14. Qb3 Qb6 15.
Qxb6 axb6 16. Rad1 Bc2 17. Rd2 Bb3 18. Ne5 Rfd8 19. Bf3 Nd5 20. Nxc6 bxc6 21.
Bxd5 cxd5 22. Rc1 Rdc8 23. Ne2 b5 24. Rxc8+ Rxc8 25. Rd3 Bc4 26. Rc3 g5 27. Be3
b4 28. axb4 Bxb4 29. Rc2 f6 30. f4 h6 31. Ng3 Bd6 32. Nh5 gxf4 33. Bxf4 Bxf4
34. Nxf4 Kf7 35. Kf2 Rb8 36. Ng2 Rb7 37. Ne3 Bd3 38. Rd2 Be4 39. Kg3 Rb3 40.
Kf2 Kg6 41. Re2 Rd3 42. b4 Rb3 43. Ra2 Rxb4 44. Ra6 Rb2+ 45. Kg3 Re2 46. Nd1
Rg2+ 47. Kh4 Rd2 48. Nc3 Bg2 49. Ra2 Rd3 50. Rxg2 Rxc3 51. Re2 Kf7 52. Ra2 Rd3
53. Ra7+ Kg6 54. Ra6 Re3 55. Ra8 Re4 56. Rg8+ Kf7 57. Rh8 Rxd4 58. Rxh6 e5 59.
Kg3 Kg7 60. Rh5 Rf4 61. h4 d4 62. g5 d3 63. gxf6+ Kxf6 64. Rh6+ Kf5 65. Rd6 Ke4
66. h5 Ke3 67. h6 Rf7 0-1

[Event "BL 9293 Erfurt-Porz"]
[Site "?"]
[Date "1993.??.??"]
[Round "?.1"]
[White "Lutz, C."]
[Black "Kuczynski, R."]
[Result "1-0"]
[WhiteElo "2550"]
[BlackElo "2525"]
[PlyCount "51"]
[EventDate "1993.??.??"]

1. d4 d5 2. c4 c6 3. Nf3 Nf6 4. Nc3 e6 5. Bg5 h6 6. Bxf6 Qxf6 7. e3 Nd7 8. Bd3
dxc4 9. Bxc4 g6 10. O-O Bg7 11. Rc1 O-O 12. b4 Qe7 13. Qb3 e5 14. b5 exd4 15.
exd4 Nb6 16. Rfe1 Qd6 17. bxc6 bxc6 18. Bxf7+ Rxf7 19. Re8+ Bf8 20. Ne5 Qf6 21.
Ne4 Qf4 22. Rxc6 Kg7 23. g3 Qf5 24. g4 Qf4 25. Rxg6+ Kh7 26. Ng5+ 1-0

[Event "BL 9293 Erfurt-Porz"]
[Site "?"]
[Date "1993.??.??"]
[Round "?.2"]
[White "Casper, T."]
[Black "Hort, V."]
[Result "1/2-1/2"]
[WhiteElo "2425"]
[BlackElo "2545"]
[PlyCount "108"]
[EventDate "1993.??.??"]

1. e4 c5 2. Nf3 e6 3. d3 Nc6 4. g3 g6 5. Bg2 Bg7 6. O-O Nge7 7. c3 d5 8. Re1 h6
9. Nbd2 b6 10. exd5 Nxd5 11. Nc4 O-O 12. Nce5 Bd7 13. Nxc6 Bxc6 14. Ne5 Bxe5
15. Rxe5 Qf6 16. d4 Qg7 17. Qd2 cxd4 18. cxd4 Kh7 19. b3 Ne7 20. Ba3 Bxg2 21.
Bxe7 Rfe8 22. Kxg2 Rxe7 23. Rc1 Rd8 24. Qe3 Red7 25. Rc4 Qf6 26. h4 Kg7 27. a4
Rd6 28. a5 Qe7 29. axb6 axb6 30. Rb5 Qb7+ 31. Kh2 Rd5 32. Rxd5 Rxd5 33. Qc3 Qe7
34. Kg2 Qf6 35. Qf3 Rb5 36. Qxf6+ Kxf6 37. b4 Ke7 38. Kf3 Kd7 39. Ke4 g5 40.
hxg5 hxg5 41. f3 f5+ 42. Ke3 Rd5 43. Rc1 Kd6 44. Rc8 Rb5 45. Rc4 Ke7 46. Kd3
Kd8 47. Ke3 Kd7 48. Kd3 Rd5 49. Ke3 Rd6 50. Kd3 Rc6 51. Rxc6 Kxc6 52. Kc4 b5+
53. Kc3 Kd6 54. f4 g4 1/2-1/2

[Event "BL 9293 Erfurt-Porz"]
[Site "?"]
[Date "1993.??.??"]
[Round "?.3"]
[White "Vaganian, R."]
[Black "Jasnikowski, Z."]
[Result "1-0"]
[WhiteElo "2615"]
[BlackElo "2460"]
[PlyCount "157"]
[EventDate "1993.??.??"]

1. Nf3 Nf6 2. c4 g6 3. Nc3 d5 4. cxd5 Nxd5 5. Qa4+ Bd7 6. Qh4 Nxc3 7. dxc3 Nc6
8. e4 e5 9. Bg5 Be7 10. Bc4 h6 11. Bxe7 Qxe7 12. Qxe7+ Kxe7 13. O-O-O Bg4 14.
Rd3 Rad8 15. Bd5 Rd6 16. Rhd1 Nd8 17. R1d2 Bxf3 18. Rxf3 Ne6 19. Bxe6 Kxe6 20.
Rxd6+ cxd6 21. Kd2 b5 22. Rd3 Rc8 23. b4 Rc4 24. Rd5 a6 25. f3 f5 26. Kd3 Rc8
27. a4 Rb8 28. c4 fxe4+ 29. fxe4 bxc4+ 30. Kxc4 Rc8+ 31. Kb3 Rc1 32. Ra5 Rb1+
33. Ka3 Re1 34. Rxa6 Re3+ 35. Kb2 Rxe4 36. Kc3 Kd5 37. b5 Rc4+ 38. Kb3 Rc1 39.
Kb2 Rc4 40. b6 e4 41. Ra5+ Kc6 42. Rb5 Kb7 43. a5 Rc8 44. Rd5 e3 45. Rxd6 Re8
46. Rd1 Ka6 47. Re1 Kxa5 48. b7 Rb8 49. Kc3 Rxb7 50. Rxe3 Rb6 51. Re2 Rf6 52.
Rb2 Ka4 53. Kd4 Ka3 54. Rc2 Kb3 55. Re2 g5 56. Ke5 Ra6 57. Kf5 Kc3 58. g3 Kd3
59. Re6 Ra5+ 60. Kg4 Ra4+ 61. Kh5 Ra2 62. Rxh6 Rxh2+ 63. Kxg5 Ra2 64. Re6 Ra5+
65. Kh4 Ra8 66. g4 Rh8+ 67. Kg5 Kd4 68. Kf5 Kd5 69. g5 Rh1 70. Ra6 Rf1+ 71. Kg6
Ke5 72. Kg7 Rg1 73. g6 Rg2 74. Kf7 Rf2+ 75. Ke7 Rg2 76. Ra5+ Ke4 77. Kf7 Rf2+
78. Kg8 Rg2 79. g7 1-0

[Event "BL 9293 Erfurt-Porz"]
[Site "?"]
[Date "1993.??.??"]
[Round "?.4"]
[White "Mueller, Mat"]
[Black "Hickl, J."]
[Result "0-1"]
[WhiteElo "2395"]
[BlackElo "2540"]
[PlyCount "60"]
[EventDate "1993.??.??"]

1. e4 d6 2. d4 g6 3. Nc3 Bg7 4. f4 c6 5. Nf3 Bg4 6. Be3 Qb6 7. Qd2 Bxf3 8. gxf3
Qa5 9. Rg1 Nd7 10. Bh3 b5 11. Bxd7+ Kxd7 12. Rg5 Bh6 13. Rg1 Nf6 14. Qg2 Nh5
15. Bd2 Qa6 16. f5 Bxd2+ 17. Qxd2 Rag8 18. a3 b4 19. Ne2 gxf5 20. Kf2 Rxg1 21.
Rxg1 fxe4 22. axb4 exf3 23. Kxf3 h6 24. Qc3 Rb8 25. Kf2 Nf6 26. Qh3+ Kc7 27.
Ng3 Rxb4 28. Re1 Nd5 29. Nf5 Qc4 30. Qa3 Qxc2+ 0-1

[Event "BL 9293 Erfurt-Porz"]
[Site "?"]
[Date "1993.??.??"]
[Round "?.5"]
[White "Knaak, R."]
[Black "Maiwald, JU."]
[Result "1-0"]
[WhiteElo "2515"]
[BlackElo "2400"]
[PlyCount "91"]
[EventDate "1993.??.??"]

1. d4 Nf6 2. c4 g6 3. Nc3 Bg7 4. e4 d6 5. f3 O-O 6. Be3 c6 7. Bd3 e5 8. d5 cxd5
9. cxd5 Ne8 10. Qd2 f5 11. exf5 gxf5 12. Nge2 Nd7 13. O-O Ndf6 14. Rac1 Kh8 15.
Kh1 Nc7 16. Bb1 f4 17. Bf2 Qd7 18. Bh4 b5 19. a3 Bb7 20. Ba2 Rf7 21. Ng1 a5 22.
Nh3 h6 23. Nf2 b4 24. Nce4 Nfe8 25. axb4 axb4 26. Bb3 Qb5 27. Rfd1 Ra5 28. Bd8
Bf8 29. Bc4 Qb6 30. Ng4 Ra8 31. Bh4 Kg7 32. Bf2 Qa5 33. Be1 Na6 34. Ngf2 Nec7
35. Ra1 Qb6 36. Ng4 Bc8 37. h3 Rb8 38. Bf2 Qb7 39. Qe1 h5 40. Nh2 Be7 41. Bh4
Bf8 42. Ng5 Rf5 43. g4 fxg3 44. Qxg3 Kh8 45. Rg1 Bg7 46. Ne4 1-0

[Event "BL 9293 Erfurt-Porz"]
[Site "?"]
[Date "1993.??.??"]
[Round "?.6"]
[White "Brueggemann, Joa"]
[Black "Vogt, L."]
[Result "1/2-1/2"]
[WhiteElo "2330"]
[BlackElo "2520"]
[PlyCount "106"]
[EventDate "1993.??.??"]

1. e4 c5 2. Nf3 e6 3. d4 cxd4 4. Nxd4 a6 5. Nc3 b5 6. Bd3 Bb7 7. O-O d6 8. a4
b4 9. Nce2 Nf6 10. Bg5 Be7 11. Bxf6 Bxf6 12. Qd2 Qa5 13. Nb3 Qb6 14. a5 Qc7 15.
Qxb4 Bxb2 16. Rab1 Bf6 17. Nd2 Bc6 18. Nc4 O-O 19. Qxd6 Qxd6 20. Nxd6 Nd7 21.
Rfd1 Nc5 22. Rb4 Rfd8 23. Rc4 Rxd6 24. Rxc5 Bxe4 25. Nc3 Bxd3 26. Rxd3 Rxd3 27.
cxd3 g6 28. Kf1 Kg7 29. Ne4 Bd4 30. Rc4 e5 31. f4 Rd8 32. fxe5 Bxe5 33. Ke2
Bxh2 34. Rc6 Rd5 35. Rxa6 Bc7 36. Nc3 Re5+ 37. Kf3 Bxa5 38. Ne4 Bb4 39. Rc6 Be7
40. d4 Rd5 41. Ke3 h5 42. Kd3 Rd7 43. Kc4 f5 44. Nc3 h4 45. d5 Bd6 46. Nb5 Bg3
47. d6 Kf6 48. Kd5 Rb7 49. Nd4 Kf7 50. Rc8 Rd7 51. Nb5 Bxd6 52. Nxd6+ Kf6 53.
Rh8 Kg5 1/2-1/2

[Event "BL 9293 Erfurt-Porz"]
[Site "?"]
[Date "1993.??.??"]
[Round "?.7"]
[White "Mainka, R."]
[Black "Voekler, B."]
[Result "1-0"]
[WhiteElo "2515"]
[BlackElo "2335"]
[PlyCount "47"]
[EventDate "1993.??.??"]

1. e4 c5 2. Nf3 d6 3. d4 cxd4 4. Nxd4 Nf6 5. Nc3 a6 6. Be3 e6 7. Be2 Be7 8. O-O
O-O 9. f4 Qc7 10. a4 Nc6 11. Kh1 Rb8 12. Qe1 b6 13. Qg3 Bb7 14. Rad1 Nb4 15. e5
Nfd5 16. Nxd5 Nxd5 17. Bd2 dxe5 18. fxe5 Rfe8 19. Bd3 g6 20. Nxe6 Qd7 21. Ng5
Bxg5 22. Bxg5 Qxa4 23. e6 fxe6 24. Bh6 1-0

[Event "BL 9293 Erfurt-Porz"]
[Site "?"]
[Date "1993.??.??"]
[Round "?.8"]
[White "Troyke, C."]
[Black "Teske, H."]
[Result "1-0"]
[WhiteElo "2340"]
[BlackElo "2480"]
[PlyCount "31"]
[EventDate "1993.??.??"]

1. g3 g6 2. Bg2 Bg7 3. c4 Nf6 4. Nf3 O-O 5. O-O d6 6. Nc3 c6 7. d4 Qa5 8. e4
Qh5 9. Nd2 Na6 10. Nb3 Bg4 11. f3 Bh3 12. Be3 Rfd8 13. Qd2 d5 14. cxd5 Bxg2 15.
Kxg2 e5 16. dxe6 1-0

[Event "BL 9293 Bayern-Kirchheim"]
[Site "?"]
[Date "1993.??.??"]
[Round "?.1"]
[White "Haba, P."]
[Black "Huebner, R."]
[Result "1/2-1/2"]
[WhiteElo "2485"]
[BlackElo "2620"]
[PlyCount "80"]
[EventDate "1993.??.??"]

1. d4 Nf6 2. c4 e6 3. g3 d5 4. Bg2 dxc4 5. Nf3 Bb4+ 6. Nbd2 c3 7. bxc3 Bxc3 8.
Rb1 Ne4 9. O-O Bxd2 10. Bxd2 Nxd2 11. Qxd2 Nd7 12. Rfc1 O-O 13. a4 a5 14. Qc2
c6 15. e4 Nf6 16. Rd1 Ra6 17. Bf1 Rb6 18. Rxb6 Qxb6 19. e5 Nd5 20. Ng5 f5 21.
exf6 Nxf6 22. Bc4 Re8 23. Bd3 h6 24. Bh7+ Kf8 25. Nf3 Rd8 26. Bg6 Qb4 27. h4
Rd5 28. Bd3 Qd6 29. Bc4 Rf5 30. Ne5 Nd5 31. g4 Rxe5 32. dxe5 Qxe5 33. Qh7 Bd7
34. Qh8+ Ke7 35. Rb1 Qd4 36. Bxd5 exd5 37. Rxb7 Qxg4+ 38. Kf1 Qd1+ 39. Kg2 Qg4+
40. Kf1 Qd1+ 1/2-1/2

[Event "BL 9293 Bayern-Kirchheim"]
[Site "?"]
[Date "1993.??.??"]
[Round "?.2"]
[White "Yusupov, A."]
[Black "Gschnitzer, O."]
[Result "1-0"]
[WhiteElo "2645"]
[BlackElo "2475"]
[PlyCount "97"]
[EventDate "1993.??.??"]

1. d4 Nf6 2. c4 e6 3. Nc3 Bb4 4. e3 O-O 5. Bd3 d5 6. Nf3 b6 7. O-O Bb7 8. Qe2
dxc4 9. Bxc4 c5 10. Rd1 cxd4 11. exd4 Nbd7 12. Bd3 Rc8 13. Bd2 Re8 14. Nb5 Bxf3
15. Qxf3 Bxd2 16. Rxd2 Ra8 17. Nc3 Re7 18. Rad1 Qf8 19. h3 Rd8 20. Bc4 h6 21.
a3 Kh8 22. Ba2 Nb8 23. d5 exd5 24. Nxd5 Nxd5 25. Bxd5 Red7 26. Rd3 Rd6 27. Bc4
Rxd3 28. Rxd3 Rxd3 29. Qxd3 Kg8 30. Qf5 Qe8 31. g3 Nd7 32. Bb5 Qe1+ 33. Kg2 Nf6
34. Qc8+ Kh7 35. Bd3+ g6 36. Qc7 Kg7 37. Qxa7 Qe6 38. Qb7 Nd7 39. Qe4 Qb3 40.
Qd4+ Nf6 41. Bc4 Qa4 42. b3 Qc6+ 43. Kg1 h5 44. a4 Kg8 45. Qd8+ Kg7 46. Qe7 h4
47. Qxf7+ Kh6 48. Qe6 Qf3 49. Qxb6 1-0

[Event "BL 9293 Bayern-Kirchheim"]
[Site "?"]
[Date "1993.??.??"]
[Round "?.3"]
[White "Vokac, M."]
[Black "Hjartarson, J."]
[Result "1/2-1/2"]
[WhiteElo "2435"]
[BlackElo "2625"]
[PlyCount "69"]
[EventDate "1993.??.??"]

1. d4 Nf6 2. c4 e6 3. Nf3 b6 4. a3 Bb7 5. Nc3 d5 6. Qc2 Be7 7. Bf4 O-O 8. cxd5
exd5 9. e3 c5 10. Be2 Nbd7 11. O-O Rc8 12. Qf5 a6 13. Rad1 Re8 14. Ne5 Nf8 15.
dxc5 bxc5 16. Bf3 g6 17. Qc2 Ne6 18. Bg3 Ng5 19. Bxd5 Nxd5 20. e4 Bf6 21. exd5
Bxe5 22. Bxe5 Nf3+ 23. gxf3 Rxe5 24. f4 Rf5 25. Qd2 Qh4 26. f3 Rxf4 27. Ne4 Rd8
28. Qf2 Qxf2+ 29. Kxf2 Rxd5 30. Rxd5 Bxd5 31. Ke3 Rf5 32. Nxc5 Bc4 33. Nd3 Kf8
34. Rd1 Rd5 35. Rd2 1/2-1/2

[Event "BL 9293 Bayern-Kirchheim"]
[Site "?"]
[Date "1993.??.??"]
[Round "?.4"]
[White "Bischoff, K."]
[Black "Beckhuis, G."]
[Result "0-1"]
[WhiteElo "2505"]
[BlackElo "2195"]
[PlyCount "94"]
[EventDate "1993.??.??"]

1. d4 Nf6 2. c4 g6 3. Nc3 Bg7 4. e4 d6 5. f3 O-O 6. Be3 e5 7. Nge2 c6 8. Qd2
Nbd7 9. O-O-O a6 10. Kb1 b5 11. Nc1 exd4 12. Bxd4 Re8 13. Nb3 Nb6 14. c5 Nc4
15. Qf2 d5 16. exd5 cxd5 17. Ka1 Bd7 18. Nc1 Bc6 19. Bd3 b4 20. N3e2 a5 21. b3
Ne3 22. Rd2 Ra7 23. Kb1 Rae7 24. Bb2 Qc7 25. Nd4 Bd7 26. Nc2 Qxc5 27. Bd4 Nxc2
28. Rxc2 Qd6 29. Ne2 Nh5 30. Bxg7 Nxg7 31. Nd4 Qf4 32. Rd1 Nf5 33. Bxf5 Bxf5
34. Nxf5 Qxf5 35. Kb2 Qe5+ 36. Qd4 Qxh2 37. Qxd5 Re2 38. Rdd2 R2e5 39. Qd4 Re1
40. a3 Qh1 41. Ka2 Rc1 42. Re2 Rxc2+ 43. Rxc2 Qe1 44. Qd5 bxa3 45. Kxa3 Qb4+
46. Kb2 a4 47. Qc4 Rb8 0-1

[Event "BL 9293 Bayern-Kirchheim"]
[Site "?"]
[Date "1993.??.??"]
[Round "?.5"]
[White "Biebinger, G."]
[Black "Boensch, U."]
[Result "0-1"]
[WhiteElo "2350"]
[BlackElo "2490"]
[PlyCount "78"]
[EventDate "1993.??.??"]

1. d4 Nf6 2. c4 e6 3. Nc3 d5 4. Bg5 Be7 5. e3 O-O 6. Nf3 h6 7. Bh4 b6 8. cxd5
Nxd5 9. Bxe7 Qxe7 10. Nxd5 exd5 11. Rc1 Be6 12. Qa4 c5 13. Qa3 Rc8 14. Bb5 Qf8
15. dxc5 bxc5 16. O-O a5 17. Qa4 Qd6 18. e4 Nd7 19. exd5 Nb6 20. Qh4 Bxd5 21.
a4 Bxf3 22. gxf3 c4 23. Rfe1 Qb4 24. Re2 Nxa4 25. Bd7 Rc5 26. Qe4 Rf8 27. h4
Nb6 28. Bf5 Nd5 29. Bd7 c3 30. Qxb4 axb4 31. bxc3 Nxc3 32. Kg2 Rh5 33. Rb2 Rxh4
34. Bg4 f5 35. Kg3 g5 36. Re1 fxg4 37. Rxb4 gxf3 38. Rxh4 gxh4+ 39. Kxh4 Ne2
0-1